000 00538nam a22002057a 4500
003 OSt
005 20140310183045.0
008 130227t xxu||||| |||| 00| 0 eng d
020 _a9711202557
050 _aHF 5635
_b.M491 2004
100 _aMejorada, Nenita D.
245 _aAdvanced accounting :
_cNenita A. Deano Mejorada /
260 _aMakati City ;
_bGoodwill, Trading Co., Inc.,
_c2004.
300 _a254 p. :
_c24 cm.
_bill.
521 _aBSA
562 _e1
942 _2lcc
_cBK
_kLOC
999 _c18575
_d18575